| Поле | Название | Значение |
| |
Тип записи |
a |
| |
Библиографический уровень |
a |
| 001 |
Контрольный номер |
RU/CBS_UL/BASE/fb11462e617745778ec8445bea6c9fef |
| 005 |
Дата корректировки |
20230428135225.2 |
| 100 |
Данные общей обработки |
__ |
| a |
Данные общей обработки |
20230428 ||| 0rusy0189 ca |
| 101 |
Язык документа |
0_ |
| a |
Язык текста |
rus |
| 102 |
Страна публикации |
__ |
| a |
Страна публикации |
RU |
| 200 |
Заглавие и сведения об ответственности |
1_ |
| a |
Заглавие |
Опальный гимн Одессы |
| e |
Сведения, относящиеся к заглавию |
[об истории песни "Шаланды полные кефали"] |
| f |
Первые сведения об ответственности |
М. Митинева |
| 300 |
Общие примечания |
__ |
| a |
Общие примечания |
16+ |
| 461 |
Уровень набора |
_0 |
| 1 |
|
2000 |
| a |
|
Дарья. Биография |
| 463 |
Уровень физической единицы |
_0 |
| 1 |
|
2000 |
| a |
|
№ 4 |
| v |
|
С. 16 : фот. |
| 1 |
|
2101 |
| d |
|
2023 |
| 1 |
|
001RU/CBS_UL/BASE/a3f68aa67b494533a02fc2573bf9b89e |
| 606 |
Тематические рубрики |
0_ |
| a |
Основная рубрика |
Песни советские - История |
| 610 |
Ключевые слова |
0_ |
| a |
Ключевые слова |
песни |
| 610 |
Ключевые слова |
0_ |
| a |
Ключевые слова |
история песен |
| 610 |
Ключевые слова |
0_ |
| a |
Ключевые слова |
Шаланды полные кефали (песни) |
| 610 |
Ключевые слова |
0_ |
| a |
Ключевые слова |
песни из кинофильмов |
| 686 |
Индексы других классификаций |
__ |
| 2 |
Код системы |
rubbk |
| a |
Классификационный индекс |
85.314 |
| 700 |
Автор |
_1 |
| a |
Фамилия |
Митинева |
| b |
Имя (инициалы) |
М. |
| 801 |
Источник записи |
_0 |
| a |
Страна |
RU |
| b |
Организация |
МБУК ЦБС г. Ульяновска |
| c |
Дата составления |
20230428 |
| g |
Правила каталогизации |
RCR |
| 801 |
Источник записи |
_1 |
| a |
Страна |
RU |
| b |
Организация |
МБУК ЦБС г. Ульяновска |
| c |
Дата составления |
20230428 |
| g |
Правила каталогизации |
RCR |
| 901 |
Тип документа |
__ |
| t |
Тип документа |
b |
| w |
Контрольный № источника |
RU/CBS_UL/BASE/a3f68aa67b494533a02fc2573bf9b89e |